Personalities and powers / (Record no. 793142)

MARC details
000 -LEADER
fixed length control field 00721nam a2200253 a 4500
001 - CONTROL NUMBER
control field vtls000969215
003 - CONTROL NUMBER IDENTIFIER
control field NLI
005 - DATE AND TIME OF LATEST TRANSACTION
control field 20210627095144.0
008 - FIXED-LENGTH DATA ELEMENTS--GENERAL INFORMATION
fixed length control field 120112s1955 enk 000 0 eng
039 #9 - LEVEL OF BIBLIOGRAPHIC CONTROL AND CODING DETAIL [OBSOLETE]
-- 201201121808
-- Entertech_02
040 0# - CATALOGING SOURCE
Original cataloging agency NLI
Language of cataloging eng
Transcribing agency Entertech-2011
Description conventions AACR2
041 0# - LANGUAGE CODE
Language code of text/sound track or separate title eng
044 ## - COUNTRY OF PUBLISHING/PRODUCING ENTITY CODE
MARC country code enk
084 ## - OTHER CLASSIFICATION NUMBER
Classification number 108.B.179
100 1# - MAIN ENTRY--PERSONAL NAME
Personal name Namier, Lewis,
Fuller form of name (Lewis Bernstein),
Dates associated with a name 1888-1960
9 (RLIN) 909565
245 10 - TITLE STATEMENT
Title Personalities and powers /
Statement of responsibility, etc. Lewis Namier
260 ## - PUBLICATION, DISTRIBUTION, ETC.
Place of publication, distribution, etc. London :
Name of publisher, distributor, etc. Hamish Hamilton,
Date of publication, distribution, etc. 1955
300 ## - PHYSICAL DESCRIPTION
Extent vii, 157 p. ;
Dimensions 22 cm.
650 #0 - SUBJECT ADDED ENTRY--TOPICAL TERM
Topical term or geographic name entry element History, Modern
9 (RLIN) 697459
887 ## - NON-MARC INFORMATION FIELD
Content of non-MARC field
901 ## - LOCAL DATA ELEMENT A, LDA (RLIN)
a 308029 :
b 14.3.1956
902 ## - LOCAL DATA ELEMENT B, LDB (RLIN)
a 108.B.179
942 ## - ADDED ENTRY ELEMENTS (KOHA)
Source of classification or shelving scheme Dewey Decimal Classification
Koha item type Books
Holdings
Withdrawn status Lost status Damaged status Not for loan Home library Current library Date acquired Total Checkouts Full call number Date last seen Price effective from Koha item type
        National Library of India National Library of India     108.B.179 27/06/2021 27/06/2021 Books
                                                                           
web counter

Copyright ©2020 The National Library of India, Govt. of India ↔ Hosted by NVLI, MOC ↔ Technology and Design by National Library of India, Ministry of Culture, Govt. of India